|
|
|
|
| LEADER |
00769nab a2200217 i 4500 |
| 001 |
misc26446 |
| 005 |
20191111110303.0 |
| 008 |
170907s1985 hu o 0|| zxx d |
| 040 |
|
|
|a SZTE Miscellanea Repozitórium
|b hun
|
| 041 |
|
|
|a zxx
|
| 100 |
1 |
|
|a Nádasdy Tamás
|
| 245 |
1 |
0 |
|a Ultrastructural tubular changes in human renal allografts
|h [elektronikus dokumentum] /
|c Nádasdy Tamás
|
| 260 |
|
|
|c 1985
|
| 300 |
|
|
|a 122-123
|
| 490 |
0 |
|
|a Kolligátum
|
| 695 |
|
|
|a Vesebetegségek - előadáskivonat
|
| 700 |
0 |
1 |
|a Pressler H.
|e aut
|
| 700 |
0 |
1 |
|a Stiller D.
|e aut
|
| 700 |
0 |
1 |
|a Ormos Jenő
|e aut
|
| 710 |
|
|
|a Hungarian-Austrian Joint Conference on Electron Microscopy (1985) (Balatonaliga)
|
| 856 |
4 |
0 |
|u http://misc.bibl.u-szeged.hu/26446/1/019_007_122-123.pdf
|z Dokumentum-elérés
|